000 00609nam a2200217Ia 4500
005 20140407102751.0
008 140130s9999 xx 000 0 und d
020 _a0590224298
050 _aPZ 7
_b.M652Kis 1968
100 _aMinarik, Else Holmelund.
_96487
245 _cElse Homelund Minarik.
_aA kiss for little bear /
260 _bScholastic Inc.,
_c1968.
_aUSA :
300 _a32 p. :
_bcol. ill. ;
_c23 cm.
440 _v1
521 _aBR
526 _c100
650 _aKissing
_xFiction.
_931449
650 _aBears --Fiction. Animals --Fiction.
_931450
942 _cBK
_2lcc
999 _c42047
_d42047